000 00644nam a22002057a 4500
001 113950
003 DR-UNIBE
005 20250731110011.0
008 250725b1995 dr ||||| |||| 00| 0 spa d
040 _aBIBLIOTECA UNIBE
_bspa
_cBIBLIOTECA UNIBE
_erda
041 _aspa
082 _aF-RD 6003
110 2 _aInstituto de Desarrollo Crédito Cooperativo - IDECOOP
_9198065
245 1 0 _aCompendio de leyes cooperativas
250 _aSexta edición
260 _aSanto Domingo :
_bInstituto de Desarrollo Crédito Cooperativo - IDECOOP,
_c1995
300 _a73 páginas
650 7 _aCooperativas
_xLegislación
_9198066
942 _2ddc
_cMX
999 _c113950
_d113950